| 000 | 00793nam a22002057i 4500 | ||
|---|---|---|---|
| 999 |
_c23214 _d23214 |
||
| 003 | AR-CdUCM | ||
| 008 | 250204b20062006 pe||||| |||| 00| 0 spa d | ||
| 020 | _a0253-0015 | ||
| 040 |
_aMUNICIPALIDAD PROVINCIAL DEL CUSCO _cBIBLIOTECA MUNICIPAL DEL CUSCO |
||
| 041 | _hspa | ||
| 082 |
_aBol-Lima / N° 128 / 2002 _bBol-Lima / N° 128 / 2002 |
||
| 110 |
_aÓrgano de la Asociación Cultural "Boletín de Lima A.C." _951005 |
||
| 245 |
_aBoletín de Lima - Vol. XXIV : _bRevista científica y cultural / |
||
| 260 |
_aLima : _bEditorial los Pinos E.I.R.L. _c2002 |
||
| 300 |
_a140 páginas. : _c24x17 cm. |
||
| 505 | _aLa salida de Pataz al Huallaga estudiada en la ruta de Pajatén. Augusto Weberbauer | ||
| 700 |
_aWeberbauer, Augusto _928928 |
||
| 942 |
_2ddc _cREV |
||
| 945 |
_apbjr _d7-02-2025 |
||